Interpretación y análisis de la obra /

Guardado en:
Autor Principal: Kayser, Wolfang
Formato: Libro
Publicado: España : Gredos, 1958
Edición:2a. ed.
Series:Bibl. Románica Hispánica
Materias:
Etiquetas: Agregar Etiqueta
Sin Etiquetas, Sea el primero en etiquetar este registro!
LEADER 00556nam a22002055a 4500
001 CEM.cems003555
005 19000101000000.0
008 130507s1958##################000#0#####d
003 CEMS
082 0 4 |a 808 
100 1 |a Kayser, Wolfang 
245 1 0 |a Interpretación y análisis de la obra / 
250 |a 2a. ed. 
260 |a España :  |b Gredos,  |c 1958 
300 |a 707 p. 
490 0 |a Bibl. Románica Hispánica 
653 |a Analisis literario 
653 |a Estilistica 
653 |a Literatura 
859 |a CEMS  |b BIB. CEMS - 11 de abril  |h 808  |i K187a2  |p 5476.76  |t Ej.1